Statistiken für Top 5 in Europa #1

Klicken Sie hier um das Quiz zu spielen!

Allgemein

  • Dieses Quiz wurde 244 mal gespielt
  • Das Durchschnittsergebnis liegt bei 26 aus 30

Antwortstatistiken

Antwort% Korrekt
Größte in der BevölkerungDeutschland
99%
RoggenproduzentDeutschland
99%
Größte an GrößeFrankreich
99%
Tiefster PunktFrankreich
99%
Höchster PunktFrankreich
99%
Größte in der BevölkerungFrankreich
99%
Größte an GrößeRussland
97%
Tiefster PunktRussland
97%
Höchster PunktRussland
97%
RoggenproduzentRussland
97%
HaferproduzentRussland
97%
Größte in der BevölkerungRussland
97%
Größte an GrößeSpanien
97%
RoggenproduzentUkraine
94%
Größte an GrößeUkraine
94%
Größte in der BevölkerungItalien
92%
Höchster PunktItalien
92%
Größte an GrößeSchweden
89%
HaferproduzentSchweden
89%
Höchster PunktÖsterreich
86%
Größte in der BevölkerungVereinigtes Königreich
86%
HaferproduzentVereinigtes Königreich
86%
Höchster PunktSchweiz
85%
RoggenproduzentPolen
82%
HaferproduzentPolen
82%
Tiefster PunktNiederlande
79%
HaferproduzentFinnland
63%
Tiefster PunktDänemark
55%
RoggenproduzentWeißrussland
51%
Tiefster PunktLitauen
28%

Verteilung der Resultate

Perzentil nach korrekt beantworteten Fragen

Anzahl Personen mit jedem Resultat

Ihre Resultats-Entwicklung

Sie haben dieses Quiz noch nicht gespielt